Terrorism handbook for operational responders, 2e / (Record no. 14666)
[ view plain ]
| 000 -LEADER | |
|---|---|
| fixed length control field | 01503nam a2200277 a 4500 |
| 001 - CONTROL NUMBER | |
| control field | ASIN1401850650 |
| 005 - DATE AND TIME OF LATEST TRANSACTION | |
| control field | 20170105102901.0 |
| 008 - FIXED-LENGTH DATA ELEMENTS--GENERAL INFORMATION | |
| fixed length control field | 131011s2003 xxu eng d |
| 020 ## - INTERNATIONAL STANDARD BOOK NUMBER | |
| International Standard Book Number | 1401850650 (paperback) |
| Terms of availability | $51.95 |
| 020 ## - INTERNATIONAL STANDARD BOOK NUMBER | |
| International Standard Book Number | 9781401850654 (paperback) |
| 040 ## - CATALOGING SOURCE | |
| Original cataloging agency | 0 |
| 050 04 - LIBRARY OF CONGRESS CALL NUMBER | |
| Classification number | HV6431 |
| 082 04 - DEWEY DECIMAL CLASSIFICATION NUMBER | |
| Classification number | 363.32 |
| 100 1# - MAIN ENTRY--PERSONAL NAME | |
| Personal name | Bevelacqua, Armando S. |
| 245 10 - TITLE STATEMENT | |
| Title | Terrorism handbook for operational responders, 2e / |
| Statement of responsibility, etc. | Armando S. Bevelacqua, Richard H. Stilp. |
| 250 ## - EDITION STATEMENT | |
| Edition statement | 2nd ed. |
| 260 ## - PUBLICATION, DISTRIBUTION, ETC. | |
| Place of publication, distribution, etc. | [S.l.] : |
| Name of publisher, distributor, etc. | Cengage Learning, |
| Date of publication, distribution, etc. | 2003. |
| 300 ## - PHYSICAL DESCRIPTION | |
| Extent | 160 p. ; |
| Dimensions | 23 cm. |
| 520 ## - SUMMARY, ETC. | |
| Summary, etc. | The only reference of its kind for emergency responders, this updated book is a guide to the most significant points that surround the emergency response processes needed to cope with terrorism incidents. It highlights what is required to establish and implement tactical goals during such events, including new equipment and strategies that can enhance a responder's detection, monitoring, and protection capabilities against chemical and biological agents. Written to provide emergency responders with the knowledge they need to prepare for and combat acts of terrorism, this book is a must for all emergency personnel who are called on to respond to a terrorist event. |
| 650 #0 - SUBJECT ADDED ENTRY--TOPICAL TERM | |
| Topical term or geographic name entry element | Emergency management |
| 650 #0 - SUBJECT ADDED ENTRY--TOPICAL TERM | |
| Topical term or geographic name entry element | Terrorism |
| 650 #0 - SUBJECT ADDED ENTRY--TOPICAL TERM | |
| Topical term or geographic name entry element | United States |
| 700 1# - ADDED ENTRY--PERSONAL NAME | |
| Personal name | Stilp, Richard H. |
| 856 40 - ELECTRONIC LOCATION AND ACCESS | |
| Materials specified | Amazon.com |
| Uniform Resource Identifier | <a href="http://www.amazon.com/exec/obidos/ASIN/1401850650/chopaconline-20">http://www.amazon.com/exec/obidos/ASIN/1401850650/chopaconline-20</a> |
| 942 ## - ADDED ENTRY ELEMENTS (KOHA) | |
| Source of classification or shelving scheme | |
| Koha item type | Book |
| Withdrawn status | Lost status | Damaged status | Not for loan | Collection code | Permanent Location | Current Location | Shelving location | Date acquired | Total Checkouts | Full call number | Barcode | Date last seen | Price effective from | Koha item type |
|---|---|---|---|---|---|---|---|---|---|---|---|---|---|---|
| Centre for International Peace & Stability (CIPS) | Centre for International Peace & Stability (CIPS) | General Stacks | 09/13/2013 | 363.32 BEV 2004 | CIPS0000858 | 10/11/2013 | 10/11/2013 | Book |
